000 00280nam a22001217a 4500
082 _a920
_bYOU/W
100 _aYOUSAFZAI,MALALA
245 _aWE ARE DISPLACED
260 _aLONDON
_bWEIDENFELD & NICOLSON
300 _a212
650 _aLIFE OF MALALA YOUSAFZAI
_zLONDON
942 _cBK
999 _c5680
_d5680